000 00597nam a2200217Ia 4500
003 OSt
005 20220918191117.0
006 a|||||r|||| 00| 0
007 ta
008 220917b |||||||| |||| 00| 0 eng d
024 _a61,507
037 _cTextual
040 _aARTS
_cARTS
_beng
041 _2eng
_aeng
082 _aQ6:3, K7 (ER)
245 0 _aEvolution Marxism and Christianity
_b studies in the Telhardin snythesis
260 _aLondon
_bGarnstone Press
_c1967
650 _aCHRISTIANITY
_940559
942 _hQ6:3, K7 (ER)
_cTEXL
_2CC
999 _c188358
_d188358